[Event "18th ECC w 2013"]
[Site "Rhodes GRE"]
[Date "2013.10.21"]
[Round "2.2"]
[White "Pogonina, Natalija"]
[Black "Cmilyte, Viktorija"]
[Result "1-0"]
[WhiteTitle "WGM"]
[BlackTitle "GM"]
[WhiteElo "2485"]
[BlackElo "2505"]
[WhiteTeam "Ugra"]
[BlackTeam "CS Politechnica-Antibiotice Iasi"]
[WhiteFideId "4147855"]
[BlackFideId "12801259"]
[EventDate "2013.10.20"]

1. d4 Nf6 2. c4 g6 3. Nc3 d5 4. cxd5 Nxd5 5. e4 Nxc3 6. bxc3 Bg7 7. Be3 c5 8.
Qd2 Qa5 9. Nf3 O-O 10. Rc1 Rd8 11. d5 e6 12. Be2 Nc6 13. O-O exd5 14. exd5 Bg4
15. c4 Qxd2 16. Bxd2 Bxf3 17. Bxf3 Nd4 18. Be3 b6 19. Bd1 Bf8 20. g3 Re8 21. Kg2
Nf5 22. Bd2 Rad8 23. g4 Nd6 24. Bf3 b5 25. cxb5 Nxb5 26. Be3 Nd4 27. Rfd1 Nxf3
28. Kxf3 Re5 29. Bxc5 Rexd5 30. Rxd5 Rxd5 31. Bxa7 f5 32. Rc8 fxg4+ 33. Kxg4 h5+
34. Kf3 Kf7 35. Bb6 Bd6 36. a4 Rd3+ 37. Ke4 Ra3 38. a5 Bxh2 39. Ra8 h4 40. a6 h3
41. a7 Ra4+ 42. Bd4 Bg1 43. Rh8 h2 44. Kf3 1-0

[Event "18th ECC w 2013"]
[Site "Rhodes GRE"]
[Date "2013.10.21"]
[Round "2.2"]
[White "Bulmaga, Irina"]
[Black "Romanko, Marina"]
[Result "1-0"]
[WhiteTitle "IM"]
[BlackTitle "IM"]
[WhiteElo "2401"]
[BlackElo "2359"]
[WhiteTeam "CS Politechnica-Antibiotice Iasi"]
[BlackTeam "Ugra"]
[WhiteFideId "13903063"]
[BlackFideId "4149351"]
[EventDate "2013.10.20"]

1. e4 c6 2. d4 d5 3. e5 Bf5 4. Nf3 e6 5. Be2 Ne7 6. O-O Bg6 7. c3 Nf5 8. Qb3 Qc7
9. g4 Ne7 10. Nh4 c5 11. Be3 Nec6 12. f4 Be7 13. Ng2 Be4 14. Nd2 Bxg2 15. Kxg2
cxd4 16. cxd4 Na5 17. Qa4+ Nbc6 18. Rfc1 Qd7 19. Qc2 a6 20. a3 b5 21. b3 Bd8 22.
Nf3 Bb6 23. Qd3 Qe7 24. a4 b4 25. Bf2 Qa7 26. Ra2 g6 27. Rac2 Ne7 28. Be1 O-O
29. Bxb4 Rfe8 30. Bc5 Qb7 31. Bd6 Bd8 32. Nd2 Nc8 33. Ba3 Qd7 34. Bf3 Ne7 35. b4
Nb7 36. a5 g5 37. fxg5 Ng6 38. Qe3 Qa4 39. Kg3 Be7 40. Rc7 Nd8 41. h4 Bxb4 42.
Bxb4 Qxb4 43. h5 Ne7 44. Qf4 Kf8 45. g6 hxg6 46. h6 Nf5+ 47. gxf5 exf5 48. Bxd5
Rb8 49. h7 Kg7 50. e6 Nxe6 51. Qe5+ Kh6 52. Rh1+ Kg5 53. Nf3# 1-0

[Event "18th ECC w 2013"]
[Site "Rhodes GRE"]
[Date "2013.10.21"]
[Round "2.2"]
[White "Shadrina, Tatiana"]
[Black "L'Ami, Alina"]
[Result "1-0"]
[WhiteTitle "WGM"]
[BlackTitle "WGM"]
[WhiteElo "2364"]
[BlackElo "2362"]
[WhiteTeam "Ugra"]
[BlackTeam "CS Politechnica-Antibiotice Iasi"]
[WhiteFideId "4119118"]
[BlackFideId "1210246"]
[EventDate "2013.10.20"]

1. e4 e6 2. d4 d5 3. Nd2 Nf6 4. e5 Nfd7 5. Bd3 c5 6. c3 Nc6 7. Ne2 cxd4 8. cxd4
f6 9. exf6 Nxf6 10. O-O Bd6 11. Nf3 O-O 12. Bf4 Bxf4 13. Nxf4 Ne4 14. Qc1 Ng5
15. Nxg5 Qxg5 16. Ne2 Qf6 17. Qe3 Bd7 18. Bb5 Nb8 19. Bd3 Nc6 20. Rac1 a6 21. a3
Be8 22. Rfe1 Bh5 23. f3 Rfe8 24. Bb1 e5 25. Qb3 e4 26. Bxe4 Bf7 27. Bxd5 Bxd5
28. Qxd5+ Kh8 29. Qc4 Rad8 30. d5 Ne5 31. Qb3 h6 32. Ng3 Qf4 33. Rcd1 b5 34. Re4
Qf7 35. a4 Nc4 36. axb5 axb5 37. Qxb5 Qa7+ 38. Kh1 Rxe4 39. fxe4 Ne3 40. Rc1 Qd4
41. Qe2 Rb8 42. Nf1 Nxf1 43. Rxf1 Rxb2 44. Qf3 Rb6 45. Rd1 Qe5 46. d6 Rb8 47. d7
Rd8 48. h3 Qe7 49. Qf5 Kg8 50. e5 Qf7 51. Qc2 Qe6 52. Qc7 1-0

[Event "18th ECC w 2013"]
[Site "Rhodes GRE"]
[Date "2013.10.21"]
[Round "2.3"]
[White "Novkovic, Julia"]
[Black "Zhukova, Natalia"]
[Result "0-1"]
[WhiteTitle "WFM"]
[BlackTitle "GM"]
[WhiteElo "2105"]
[BlackElo "2456"]
[WhiteTeam "ASVOE Pamhagen"]
[BlackTeam "Jelica PEP"]
[WhiteFideId "12000086"]
[BlackFideId "14101513"]
[EventDate "2013.10.20"]

1. e4 e6 2. d4 d5 3. exd5 exd5 4. Nf3 Bd6 5. Bd3 Nc6 6. O-O Nge7 7. Re1 Bg4 8.
c3 Qd7 9. b4 a6 10. Nbd2 O-O 11. Nb3 b6 12. a4 Ng6 13. b5 Nce7 14. bxa6 Nh4 15.
Nbd2 Neg6 16. Ba3 Bxa3 17. Rxa3 Nxg2 18. Bb5 Qd6 19. Qb3 Nxe1 20. Nxe1 Nf4 21.
f3 Bf5 22. Ra2 Qg6+ 0-1

[Event "18th ECC w 2013"]
[Site "Rhodes GRE"]
[Date "2013.10.21"]
[Round "2.3"]
[White "Vojinovic, Jovana"]
[Black "Hapala, Lisa"]
[Result "1-0"]
[WhiteTitle "WGM"]
[WhiteElo "2347"]
[BlackElo "2018"]
[WhiteTeam "Jelica PEP"]
[BlackTeam "ASVOE Pamhagen"]
[WhiteFideId "937266"]
[BlackFideId "1622080"]
[EventDate "2013.10.20"]

1. d4 d5 2. c4 c6 3. cxd5 cxd5 4. Nc3 Nf6 5. Bf4 Nc6 6. e3 a6 7. Bd3 Bg4 8. Nge2
e6 9. f3 Bh5 10. O-O Bd6 11. Qb3 O-O 12. Na4 Na5 13. Qb6 Qxb6 14. Nxb6 Rad8 15.
Bg5 Be7 16. Rfc1 Bg6 17. Nf4 Bxd3 18. Nxd3 Nc6 19. Ne5 Na5 20. Rc2 Rfe8 21. Rac1
h6 22. Bh4 Rb8 23. Be1 Nc6 24. Nxc6 bxc6 25. Rxc6 Bd8 26. Na4 a5 27. Rc8 Be7 28.
Rxb8 Rxb8 29. Bxa5 Ra8 30. b4 Bd8 31. Bxd8 Rxa4 32. b5 Rxa2 33. Rb1 Ra8 34. Bc7
Nd7 35. b6 Rc8 36. Bg3 Nb8 37. b7 Re8 38. Ra1 f6 39. Bxb8 1-0

[Event "18th ECC w 2013"]
[Site "Rhodes GRE"]
[Date "2013.10.21"]
[Round "2.3"]
[White "Horvath, Maria"]
[Black "Rakic, Marija"]
[Result "0-1"]
[WhiteTitle "WFM"]
[BlackTitle "WIM"]
[WhiteElo "2036"]
[BlackElo "2296"]
[WhiteTeam "ASVOE Pamhagen"]
[BlackTeam "Jelica PEP"]
[WhiteFideId "1601660"]
[BlackFideId "936286"]
[EventDate "2013.10.20"]

1. d4 Nf6 2. c4 g6 3. Nc3 Bg7 4. e4 d6 5. f3 O-O 6. Be3 Nbd7 7. Qd2 c5 8. Nge2
a6 9. d5 b5 10. cxb5 Qa5 11. Ng3 axb5 12. Nxb5 Ne8 13. Qxa5 Rxa5 14. Nc3 Nc7 15.
Be2 Ba6 16. Bd2 Bxe2 17. Ncxe2 Ra7 18. Bc3 Ne5 19. O-O Nb5 20. f4 Nxc3 21. bxc3
Nc4 22. Rfb1 Rfa8 23. Rb5 h5 24. e5 Na3 25. Rb6 dxe5 26. Ne4 c4 27. d6 exd6 28.
Nxd6 exf4 29. Rc6 Ra6 30. Rxa6 Rxa6 31. Rd1 Bf8 32. Nb7 Ra7 33. Rd7 Nb5 34. Nxf4
Nxc3 35. Kf2 Ne4+ 36. Kf3 Nf6 37. Rc7 Ra3+ 38. Kf2 Rxa2+ 39. Ke3 Ng4+ 40. Ke4 c3
41. Rxc3 Ra4+ 42. Kf3 Nxh2+ 43. Ke3 Nf1+ 44. Kf3 Nd2+ 45. Ke3 Rxf4 0-1

[Event "18th ECC w 2013"]
[Site "Rhodes GRE"]
[Date "2013.10.21"]
[Round "2.4"]
[White "Kosteniuk, Alexandra"]
[Black "Zimina, Olga"]
[Result "1-0"]
[WhiteTitle "GM"]
[BlackTitle "IM"]
[WhiteElo "2495"]
[BlackElo "2337"]
[WhiteTeam "SHSM Nashe Nasledie"]
[BlackTeam "Fischer Chieti"]
[WhiteFideId "4128125"]
[BlackFideId "4132190"]
[EventDate "2013.10.20"]

1. e4 e5 2. Nf3 Nc6 3. Bb5 Nf6 4. d3 Bc5 5. c3 O-O 6. O-O Re8 7. Bg5 a6 8. Ba4
h6 9. Bh4 b5 10. Bc2 Be7 11. Re1 d5 12. Nbd2 dxe4 13. dxe4 Nh5 14. Bg3 Nxg3 15.
hxg3 Be6 16. Qe2 Bc5 17. a4 Rb8 18. axb5 axb5 19. b4 Bd6 20. Bd3 Bd7 21. Nb3 Qe7
22. Nh4 g6 23. Ra6 Kg7 24. Nd2 Nd8 25. Nf1 Ne6 26. Ne3 Qd8 27. Qd2 Qg5 28. Be2
Bc8 29. Ra5 Bb7 30. Nf3 Qd8 31. Bxb5 c6 32. Bd3 c5 33. Ng4 Ng5 34. Nxg5 hxg5 35.
Bb5 Rh8 36. Ra7 cxb4 37. cxb4 Qb6 38. Qxg5 Bxb4 39. Rb1 Rh5 40. Qf6+ Qxf6 41.
Nxf6 Kxf6 42. Rxb4 Bc8 43. Rxf7+ Kxf7 44. Bc4+ Be6 45. Bxe6+ Kxe6 46. Rxb8 Rh7
47. Rb6+ 1-0

[Event "18th ECC w 2013"]
[Site "Rhodes GRE"]
[Date "2013.10.21"]
[Round "2.4"]
[White "Brunello, Marina"]
[Black "Kovalevskaya, Ekaterina"]
[Result "0-1"]
[WhiteTitle "WIM"]
[BlackTitle "IM"]
[WhiteElo "2263"]
[BlackElo "2410"]
[WhiteTeam "Fischer Chieti"]
[BlackTeam "SHSM Nashe Nasledie"]
[WhiteFideId "822590"]
[BlackFideId "4116704"]
[EventDate "2013.10.20"]

1. e4 c5 2. Nf3 d6 3. d4 cxd4 4. Nxd4 Nf6 5. Nc3 Nc6 6. Be2 e5 7. Nf3 h6 8. O-O
Be7 9. Re1 O-O 10. h3 Be6 11. Bf1 Rc8 12. Nd5 Bxd5 13. exd5 Nb8 14. c4 Nbd7 15.
b4 b6 16. Bb2 Nh7 17. Nd2 f5 18. Nb3 Ng5 19. a4 a5 20. bxa5 bxa5 21. Bc3 Qe8 22.
Nxa5 Qg6 23. Kh1 Ne4 24. Qf3 Bh4 25. Ra2 Rb8 26. g3 Bf6 27. Bg2 Ndc5 28. Rd1 f4
29. gxf4 Bh4 30. Be1 Rxf4 31. Qe3 Rbf8 32. Nc6 Qh5 33. Qe2 Qf7 34. f3 Bxe1 35.
Qxe1 Ng5 36. Qe3 Nxf3 37. a5 Qh5 38. Rf1 Nh4 39. Rxf4 exf4 40. Qc3 f3 41. Bf1
Nf5 42. Kh2 Qg5 43. Qd2 Qg3+ 44. Kh1 Ne4 45. Qc2 f2 46. Bg2 Qxg2+ 0-1

[Event "18th ECC w 2013"]
[Site "Rhodes GRE"]
[Date "2013.10.21"]
[Round "2.4"]
[White "Girya, Olga"]
[Black "Gueci, Tea"]
[Result "1-0"]
[WhiteTitle "WGM"]
[WhiteElo "2439"]
[BlackElo "2054"]
[WhiteTeam "SHSM Nashe Nasledie"]
[BlackTeam "Fischer Chieti"]
[WhiteFideId "4195752"]
[BlackFideId "872342"]
[EventDate "2013.10.20"]

1. d4 Nf6 2. c4 c5 3. d5 e6 4. Nf3 exd5 5. cxd5 d6 6. e4 g6 7. Bd3 Bg7 8. O-O
O-O 9. h3 Re8 10. Nc3 Na6 11. Re1 Nc7 12. a4 b6 13. Bf4 Bb7 14. Qc1 a6 15. Nd2
Nh5 16. Be3 Rb8 17. Rb1 Bc8 18. b4 Bd7 19. bxc5 bxc5 20. Rxb8 Qxb8 21. Nc4 Bf8
22. Qc2 Qa7 23. Be2 Ng7 24. Bf4 Rd8 25. Nxd6 Bxh3 26. Nxf7 Kxf7 27. gxh3 Ke8 28.
Bg4 Be7 29. Be5 Kf8 30. Qd2 Nge8 31. Rd1 Kg8 32. Qa2 Kf8 33. Rd3 Nd6 34. Rf3+
Kg8 35. Bxd6 Bxd6 36. e5 Bxe5 37. d6+ Kh8 38. dxc7 Qxc7 39. Qe6 Qd6 40. Qxd6
Rxd6 41. Ne4 Rd1+ 42. Kg2 Rc1 43. Ng5 Bb2 44. Rf8+ Kg7 45. Rf7+ Kh6 46. h4 Bg7
47. Rc7 1-0

[Event "18th ECC w 2013"]
[Site "Rhodes GRE"]
[Date "2013.10.21"]
[Round "2.4"]
[White "Di Primio, Eugenia"]
[Black "Savina, Anastasia"]
[Result "0-1"]
[BlackTitle "IM"]
[WhiteElo "1982"]
[BlackElo "2403"]
[WhiteTeam "Fischer Chieti"]
[BlackTeam "SHSM Nashe Nasledie"]
[WhiteFideId "821942"]
[BlackFideId "4196872"]
[EventDate "2013.10.20"]

1. e4 c5 2. Nc3 Nc6 3. g3 g6 4. Bg2 Bg7 5. d3 d6 6. Be3 Rb8 7. Nge2 Nd4 8. O-O
b5 9. Qd2 b4 10. Nd1 e6 11. Bxd4 cxd4 12. b3 Ne7 13. Nb2 O-O 14. a3 a5 15. axb4
axb4 16. Ra4 Bd7 17. Ra2 Bb5 18. Rfa1 Nc6 19. Nc4 Bxc4 20. bxc4 b3 21. cxb3 Rxb3
22. Nc1 Rb8 23. h3 h5 24. f4 e5 25. Ne2 Bh6 26. Rf1 Rb3 27. Qd1 Qb6 28. Ra6 Qxa6
29. Qxb3 Rb8 30. Qc2 Qa3 31. Nc1 Rb2 32. Qd1 Rb1 33. Qc2 Ra1 34. Qb3 Qxb3 35.
Nxb3 Ra3 36. Rb1 exf4 37. g4 hxg4 38. hxg4 Ne5 39. Nxd4 Rxd3 40. Rb8+ Kg7 41.
Nb5 f3 42. Bf1 Be3+ 43. Kh2 Rd2+ 44. Kg3 g5 0-1

[Event "18th ECC w 2013"]
[Site "Rhodes GRE"]
[Date "2013.10.21"]
[Round "2.5"]
[White "Daulyte, Deimante"]
[Black "Bojkovic, Natasa"]
[Result "1/2-1/2"]
[WhiteTitle "WGM"]
[BlackTitle "IM"]
[WhiteElo "2364"]
[BlackElo "2414"]
[WhiteTeam "MRU - Vilniaus Fortas"]
[BlackTeam "Chess Club BAS"]
[WhiteFideId "12802859"]
[BlackFideId "908550"]
[EventDate "2013.10.20"]

1. e4 c5 2. Nf3 e6 3. d4 cxd4 4. Nxd4 a6 5. Nc3 Qc7 6. Bd3 Nf6 7. O-O d6 8. Be3
b5 9. f4 b4 10. Nb1 Bb7 11. Nd2 Nbd7 12. Qe2 Nc5 13. Bf2 Be7 14. a3 bxa3 15.
Rxa3 h6 16. Rc3 Qd8 17. b4 Nxd3 18. Rxd3 Qc7 19. Rg3 g6 20. c4 Nh5 21. Rf3 e5
22. fxe5 dxe5 23. Nc2 Nf4 24. Qe1 Rd8 25. Be3 O-O 26. Rxf4 exf4 27. Bxf4 Qb6+
28. Be3 Qe6 29. Bxh6 Rfe8 30. Qa1 Bf8 31. Bxf8 Rxf8 32. Qc3 Rfe8 33. Ne3 Bxe4
34. Nxe4 Qxe4 35. Nd5 Rxd5 36. cxd5 Qxd5 37. h3 Re2 38. Qf3 Qxf3 39. Rxf3 Rb2
40. Ra3 Rxb4 41. Rxa6 1/2-1/2

[Event "18th ECC w 2013"]
[Site "Rhodes GRE"]
[Date "2013.10.21"]
[Round "2.5"]
[White "Gaponenko, Inna"]
[Black "Zaksaite, Salomeja"]
[Result "1-0"]
[WhiteTitle "IM"]
[BlackTitle "WIM"]
[WhiteElo "2400"]
[BlackElo "2184"]
[WhiteTeam "Chess Club BAS"]
[BlackTeam "MRU - Vilniaus Fortas"]
[WhiteFideId "14101181"]
[BlackFideId "12801496"]
[EventDate "2013.10.20"]

1. e4 c5 2. Nf3 Nc6 3. c3 d5 4. exd5 Qxd5 5. d4 Bf5 6. Be3 cxd4 7. Nxd4 O-O-O 8.
Nd2 Nf6 9. Qf3 Nxd4 10. Bxd4 Qe6+ 11. Be2 g6 12. Qe3 Qxe3 13. fxe3 Bh6 14. Bxa7
Ng4 15. Nc4 b5 16. h3 Nf6 17. Ne5 Be6 18. Bd4 Rhf8 19. Bxb5 Kc7 20. a4 Nd5 21.
Kf2 f6 22. Nc4 Rb8 23. Rhd1 Bg8 24. Bc5 f5 25. Bd4 Rbc8 26. a5 f4 27. e4 Ne3 28.
Be5+ 1-0

[Event "18th ECC w 2013"]
[Site "Rhodes GRE"]
[Date "2013.10.21"]
[Round "2.5"]
[White "Batkovskyte, Dominyka"]
[Black "Stojanovic, Andjelija"]
[Result "1-0"]
[BlackTitle "WGM"]
[WhiteElo "2082"]
[BlackElo "2302"]
[WhiteTeam "MRU - Vilniaus Fortas"]
[BlackTeam "Chess Club BAS"]
[WhiteFideId "12803243"]
[BlackFideId "928682"]
[EventDate "2013.10.20"]

1. d4 d6 2. c4 Nf6 3. Nc3 g6 4. e4 Bg7 5. Be2 O-O 6. Bg5 c5 7. d5 h6 8. Bf4 a6
9. a4 Nbd7 10. h3 Ne5 11. Nf3 Nxf3+ 12. Bxf3 Nd7 13. O-O Ne5 14. Be2 f5 15. exf5
Bxf5 16. Qd2 g5 17. Bg3 Qe8 18. a5 Qg6 19. Ra3 h5 20. Nd1 h4 21. Bxe5 Bxe5 22.
Ne3 Kg7 23. Rb3 Rab8 24. Bg4 e6 25. dxe6 Bxe6 26. Bxe6 Qxe6 27. Ng4 Bf4 28. Qc3+
Kg6 29. Re1 Qf5 30. g3 Be5 31. Nxe5+ dxe5 32. Qe3 Rf6 33. Rb6 Rxb6 34. axb6 Rf8
35. Qxc5 hxg3 36. fxg3 Rf6 37. Qe3 Qxh3 38. Qxe5 Qd7 39. c5 a5 40. Qe4+ Kh6 41.
Qe5 Qc6 42. Rd1 Kg6 43. Rd5 Kf7 44. Qxg5 1-0

[Event "18th ECC w 2013"]
[Site "Rhodes GRE"]
[Date "2013.10.21"]
[Round "2.5"]
[White "Chelushkina, Irina"]
[Black "Paulauskaite, Gintare"]
[Result "1-0"]
[WhiteTitle "WGM"]
[WhiteElo "2280"]
[BlackElo "2053"]
[WhiteTeam "Chess Club BAS"]
[BlackTeam "MRU - Vilniaus Fortas"]
[WhiteFideId "928615"]
[BlackFideId "12802964"]
[EventDate "2013.10.20"]

1. Nf3 Nf6 2. g3 g6 3. Bg2 Bg7 4. O-O O-O 5. d4 d5 6. c3 c6 7. a4 Bf5 8. Nbd2
Qc8 9. Qb3 Re8 10. Re1 Nbd7 11. c4 Rb8 12. Nf1 dxc4 13. Qxc4 c5 14. Ng5 cxd4 15.
Qxf7+ Kh8 16. e4 dxe3 17. Nxe3 Nf8 18. Nxf5 Qxf5 19. Bf4 e5 20. Qb3 h6 21. Nf7+
Kh7 22. Nd6 Qe6 23. Qa3 Red8 24. Bxe5 Qd7 25. Nb5 Ra8 26. Qf3 Qg4 27. Qxg4 Nxg4
28. Bxg7 Kxg7 29. h3 Nf6 30. Re7+ Kg8 31. Bxb7 Rab8 32. Nxa7 Rd2 33. Nc6 Nd5 34.
Nxb8 Nxe7 35. a5 1-0

[Event "18th ECC w 2013"]
[Site "Rhodes GRE"]
[Date "2013.10.22"]
[Round "3.1"]
[White "Pogonina, Natalija"]
[Black "Koneru, Humpy"]
[Result "0-1"]
[WhiteTitle "WGM"]
[BlackTitle "GM"]
[WhiteElo "2485"]
[BlackElo "2607"]
[WhiteTeam "Ugra"]
[BlackTeam "Cercle d'Echecs de Monte-Carlo"]
[WhiteFideId "4147855"]
[BlackFideId "5008123"]
[EventDate "2013.10.20"]

1. d4 Nf6 2. c4 e6 3. Nf3 b6 4. g3 Bb4+ 5. Bd2 c5 6. Bxb4 cxb4 7. Bg2 Bb7 8. O-O
O-O 9. Qd3 d6 10. Nbd2 Qc7 11. e4 e5 12. Ne1 a5 13. Nc2 Nc6 14. f4 Nxd4 15. Nxd4
exd4 16. Rae1 Rfe8 17. Bf3 Re7 18. Re2 Rae8 19. Rfe1 Nd7 20. Qxd4 Nc5 21. e5
dxe5 22. Rxe5 Rxe5 23. Rxe5 Rxe5 24. fxe5 Ne6 25. Qd3 Nc5 26. Qd4 Bxf3 27. Nxf3
h6 28. Kf2 Qc6 29. Ke3 Qg6 30. Qd8+ Kh7 31. Qd5 a4 32. a3 b3 33. h4 Qf5 34. g4
Qxg4 35. Qxf7 Qe4+ 36. Kd2 Qd3+ 37. Ke1 Qg6 38. Qf8 Qb1+ 39. Kf2 Qxb2+ 40. Ke3
Qc3+ 41. Kf2 Qc2+ 42. Kg3 b2 0-1

[Event "18th ECC w 2013"]
[Site "Rhodes GRE"]
[Date "2013.10.22"]
[Round "3.1"]
[White "Shadrina, Tatiana"]
[Black "Cramling, Pia"]
[Result "0-1"]
[WhiteTitle "WGM"]
[BlackTitle "GM"]
[WhiteElo "2364"]
[BlackElo "2515"]
[WhiteTeam "Ugra"]
[BlackTeam "Cercle d'Echecs de Monte-Carlo"]
[WhiteFideId "4119118"]
[BlackFideId "1700030"]
[EventDate "2013.10.20"]

1. e4 c5 2. Nf3 e6 3. d4 cxd4 4. Nxd4 a6 5. Nc3 Qc7 6. Be2 b5 7. O-O Bb7 8. Re1
Nc6 9. Nxc6 dxc6 10. e5 Rd8 11. Bd3 c5 12. Qg4 Ne7 13. Bf4 Ng6 14. Bxg6 hxg6 15.
Rad1 Be7 16. Rxd8+ Qxd8 17. Rd1 Qc7 18. Qe2 f5 19. Qd2 b4 20. Ne2 Kf7 21. Qe3
Rd8 22. Re1 Qc6 23. f3 c4 24. Qc1 c3 25. bxc3 bxc3 26. Bg5 Bc5+ 27. Kf1 Rd7 28.
Rd1 Rxd1+ 29. Qxd1 Qd5 30. Qxd5 Bxd5 31. Nxc3 Bc4+ 32. Ke1 Bd4 33. Kd2 Bxe5 34.
f4 Bc7 35. a4 Ba5 36. Bh4 Bf1 37. g4 fxg4 38. Bf2 Bc7 39. Bg3 Ba5 40. Bf2 Bc7
41. Bg3 Ba5 42. Bf2 Kf6 43. Bd4+ Kf5 44. Ke3 g5 45. fxg5 e5 0-1

[Event "18th ECC w 2013"]
[Site "Rhodes GRE"]
[Date "2013.10.22"]
[Round "3.2"]
[White "Bojkovic, Natasa"]
[Black "Kosteniuk, Alexandra"]
[Result "0-1"]
[WhiteTitle "IM"]
[BlackTitle "GM"]
[WhiteElo "2414"]
[BlackElo "2495"]
[WhiteTeam "Chess Club BAS"]
[BlackTeam "SHSM Nashe Nasledie"]
[WhiteFideId "908550"]
[BlackFideId "4128125"]
[EventDate "2013.10.20"]

1. e4 e5 2. Nf3 Nc6 3. Bb5 a6 4. Ba4 Nf6 5. O-O Bc5 6. d3 d6 7. c3 b5 8. Bc2 Ba7
9. a4 O-O 10. axb5 axb5 11. Be3 Bb7 12. Bxa7 Rxa7 13. Rxa7 Nxa7 14. b4 Re8 15.
Nbd2 Nc8 16. Bb3 h6 17. Re1 c5 18. Qb1 Qc7 19. Ba2 d5 20. exd5 Nxd5 21. Bxd5
Bxd5 22. d4 cxd4 23. cxd4 e4 24. Nxe4 Ne7 25. Ned2 Rc8 26. Qd3 Qb7 27. Nb3 Bc4
28. Qd1 Nd5 29. Nc5 Qa8 30. Qd2 Qa3 31. Rb1 Nc3 32. Re1 Qxb4 33. h3 Nd5 34. Rc1
Qxd2 35. Nxd2 Nf4 36. Rb1 Ne2+ 37. Kh2 Nxd4 38. Nd7 Be6 39. Ne5 f6 40. Nef3
Nxf3+ 41. Nxf3 Rb8 42. Nd4 Bd7 43. Kg3 Kf7 44. Kf4 Ke7 45. Nb3 Rc8 46. Nd4 Rb8
47. Nb3 Kd6 48. Rd1+ Kc7 49. Nc5 Bc8 50. Ke3 Kb6 51. Nb3 b4 52. Rd8 Ra8 53. Kd4
Bb7 54. Rd7 Bxg2 55. Rxg7 Bf1 56. Rd7 Rc8 57. Nd2 Bxh3 58. Rh7 Rd8+ 59. Ke3 Re8+
60. Kd4 Bf5 61. Rxh6 Rd8+ 62. Kc4 Be6+ 63. Kxb4 Rxd2 64. Rxf6 Re2 65. f4 Re4+
66. Kc3 Kc5 67. f5 Bd5 68. Rf8 Re3+ 69. Kd2 Kd4 70. f6 Rf3 71. Ke2 Rf5 72. Kd2
Rf4 73. f7 Bxf7 74. Ke1 Ke3 75. Rd8 Rg4 76. Kd1 Bg6 77. Kc1 Rb4 0-1

[Event "18th ECC w 2013"]
[Site "Rhodes GRE"]
[Date "2013.10.22"]
[Round "3.2"]
[White "Gunina, Valentina"]
[Black "Gaponenko, Inna"]
[Result "1-0"]
[WhiteTitle "GM"]
[BlackTitle "IM"]
[WhiteElo "2506"]
[BlackElo "2400"]
[WhiteTeam "SHSM Nashe Nasledie"]
[BlackTeam "Chess Club BAS"]
[WhiteFideId "4167570"]
[BlackFideId "14101181"]
[EventDate "2013.10.20"]

1. d4 d5 2. c4 dxc4 3. Nf3 a6 4. e3 b5 5. a4 Bb7 6. axb5 axb5 7. Rxa8 Bxa8 8. b3
e6 9. bxc4 bxc4 10. Ne5 Nd7 11. Qa4 Nf6 12. Bxc4 Bxg2 13. Rg1 Qa8 14. Nc3 Qxa4
15. Nxa4 Bd5 16. Bb5 Bb4+ 17. Ke2 Ke7 18. Rxg7 Nxe5 19. dxe5 Ne4 20. f3 Nc3+ 21.
Nxc3 Bxc3 22. Ba3+ Kd8 23. e4 Bb7 24. Rxf7 Bxe5 25. f4 Ba1 26. Bd7 Bxe4 27. Bxe6
Re8 28. f5 Bxf5 29. Rd7+ Kc8 30. Re7+ Kd8 31. Rxe8+ Kxe8 32. Bxf5 h6 33. Bg6+
Kd7 34. Bf8 Be5 35. h3 Bf4 36. Kf3 Bd2 37. Bf7 Bc1 38. Kg4 Be3 39. Kh5 c5 40.
Bxh6 Bf2 41. Bf4 Ke7 42. Kg6 Bh4 43. Bc4 1-0

[Event "18th ECC w 2013"]
[Site "Rhodes GRE"]
[Date "2013.10.22"]
[Round "3.2"]
[White "Stojanovic, Andjelija"]
[Black "Kovalevskaya, Ekaterina"]
[Result "1/2-1/2"]
[WhiteTitle "WGM"]
[BlackTitle "IM"]
[WhiteElo "2302"]
[BlackElo "2410"]
[WhiteTeam "Chess Club BAS"]
[BlackTeam "SHSM Nashe Nasledie"]
[WhiteFideId "928682"]
[BlackFideId "4116704"]
[EventDate "2013.10.20"]

1. d4 d5 2. Bf4 Nf6 3. e3 g6 4. Nf3 Bg7 5. h3 O-O 6. Be2 c5 7. c3 Qb6 8. Qb3 Nc6
9. Nbd2 c4 10. Qxb6 axb6 11. a3 b5 12. O-O Bf5 13. g4 Be6 14. Ne5 Ne8 15. Nxc6
bxc6 16. e4 dxe4 17. Nxe4 Bd5 18. Nc5 Nd6 19. Rfe1 Ra7 20. Bf1 Rfa8 21. Rad1 Bf8
22. Bg2 Nc8 23. Ne4 Nb6 24. Rd2 Bxe4 25. Bxe4 Nd5 26. Bxd5 cxd5 27. Rde2 e6 28.
g5 h5 29. Kg2 Ra6 30. Kg3 Bg7 31. Be5 Bxe5+ 32. Rxe5 Kg7 33. f4 Rd6 34. Kh4 Rda6
35. R5e3 Re8 36. Rg1 Rh8 37. Rge1 Rha8 38. Rg1 Rh8 39. Rge1 Rha8 40. Rg1 Rh8 41.
Rge1 1/2-1/2

[Event "18th ECC w 2013"]
[Site "Rhodes GRE"]
[Date "2013.10.22"]
[Round "3.2"]
[White "Girya, Olga"]
[Black "Chelushkina, Irina"]
[Result "1-0"]
[WhiteTitle "WGM"]
[BlackTitle "WGM"]
[WhiteElo "2439"]
[BlackElo "2280"]
[WhiteTeam "SHSM Nashe Nasledie"]
[BlackTeam "Chess Club BAS"]
[WhiteFideId "4195752"]
[BlackFideId "928615"]
[EventDate "2013.10.20"]

1. d4 Nf6 2. c4 d6 3. Nf3 g6 4. Nc3 Bg7 5. e4 O-O 6. Be2 Nc6 7. O-O e5 8. d5 Ne7
9. b4 Ne8 10. a4 h6 11. Ba3 f5 12. Nd2 g5 13. c5 Ng6 14. Re1 Nf4 15. Bf1 g4 16.
Nc4 h5 17. b5 Rf6 18. cxd6 cxd6 19. Ne3 Bf8 20. exf5 Bxf5 21. Nxf5 Rxf5 22. Ne4
Rf7 23. g3 Ng6 24. Qd2 Nh8 25. Rac1 Rg7 26. Qh6 Rg6 27. Qd2 Bh6 28. Qc2 Bxc1 29.
Rxc1 Rg7 30. h3 Nf7 31. h4 Nf6 32. Bg2 Nxe4 33. Bxe4 Nh6 34. Qd2 Qf6 35. Rc2 Rf8
36. Qc1 Nf5 37. Bxf5 Qxf5 38. Bxd6 Rd8 39. Bc5 Rxd5 40. Be3 Rgd7 41. Rc8+ Kh7
42. Qc4 Qd3 43. Qb4 Rf7 44. Rf8 Rdd7 45. Rxf7+ Rxf7 46. Qc5 Qf5 47. Qxa7 Qe6 48.
Qc5 Rd7 49. Kh2 Qd6 50. Qc8 Qe7 51. a5 Qf7 52. a6 bxa6 53. bxa6 Rc7 54. Qb8 Rc2
55. Qb1 Qf5 56. Qb7+ Kh8 57. Kg2 Qc8 58. Qb3 Rc3 59. Qb4 Qc6+ 60. Kh2 Rxe3 61.
Qf8+ Kh7 62. Qf5+ Kg8 63. Qg5+ Kf7 64. Qxh5+ Kf8 65. Qf5+ Ke8 66. fxe3 1-0